00506 2200193 4500001002100000005001500021035002000036007000300056008004100059020001800100082000800118084001400126100001800140245004300158260004700201300003100248650002000279990001300299INLIS00000000000103020230313063632 a0010-0323000036ta230313 g f ind  a979-461-404-1 a813 a813 MOC b0 aMochtar Lubis1 aBerkelana dalam rimba /cMochtar Lubis aJakarta :bYayasan Obor Indonesia.,c2002 a185 hlm. :bIlus ;c21 cm. 4aFiksi Indonesia a00630063